Responses for Show #4916 - Monday, January 16, 2006

Kevin Marshall game 5.

Contestants

[<< previous game]

Chris Casper, an attorney from Tampa, Florida

Merle Capello, an HR consultant from Westbury, New York

Kevin Marshall, a student from Metairie, Louisiana (whose 4-day cash winnings total $73,401)

[next game >>]

Jeopardy! Round responses

CIVIL RIGHTS HEROES
(Alex: This is Martin Luther King Day.)
SCI-FI MOVIES BY CHARACTER
STOP, THIEF!
TWAIN TWIP
INITIALLY YOURS
FAMILIAR PHRASES
    $200 2
San Francisco

Kevin
    $200 1
The Matrix

Merle
    $200 8
(Chris: What are pigeons?)
(Alex: Be more specific.)

homing pigeons (carrier pigeons accepted)

Chris
    $200 9
Hannibal

Kevin
    $200 23
R.L. Stine

Kevin
    $200 18
sink ships

Merle
    $400 3
(Kevin: What is the "I Have A Dream" speech?)

the March on Washington

KevinMerle
    $400 7
Planet of the Apes

Merle
    $400 11
Billy the Kid

Merle
    $400 10
Abroad

Merle
    $400 24
A.J. Foyt

Merle
    $400 19
makes the heart grow fonder

Chris
    $600 4
NAACP

Kevin
    $600 12
The Terminator

Chris
    $600 28
[The end-of-round signal sounds.]

the Mona Lisa

Kevin
    $600 14
(Alex: It's a marvelous description or definition of [*].)

a classic

Triple Stumper
    $600 25
T.S. Eliot

Chris
    $600 20
the eight ball

Chris
    $600 5
(Kevin: What is the Gettysburg Address?)
(Alex: No, sorry. You're in the right time frame, though. What is [*]? 100 years earlier.)

the Emancipation Proclamation

Kevin
    $800 13
(Alex: And that was the great [*].)

2001: A Space Odyssey

Triple Stumper
    $800 16
Halley's Comet

Merle
    $800 26
J.P. Morgan

Kevin
    $800 21
silence is golden

Merle
    $1000 6
the Tuskegee Airmen

Kevin
    $1000 15
(Alex: Oh, and this is a classic--[*]. "Klaatu Barada Nikto".)

The Day the Earth Stood Still

Triple Stumper
    $1000 17
(Alex: And the Maid of the Mist is still running just below [*].)

Niagara Falls

Triple Stumper
    $1000 27
E.F. Hutton

Chris
    $1000 22
Elementary, my dear Watson

Chris

Scores at the first commercial break (after clue 14):

Kevin Merle Chris
$1,000 $1,800 $800

Scores at the end of the Jeopardy! Round:

Kevin Merle Chris
$2,600 $4,000 $4,400

Double Jeopardy! Round responses

BODIES OF WATER
SISTER ACT
GROVER CLEVELAND ROCKS
MYTHIC OBITS
"THE" BEGINNING
OF THE END
    $400 1
Lake George

Merle
    $400 2
Patricia & Rosanna Arquette

Merle
    $400 16
(Chris: What is the Washington Monument?)
(Kevin: What is the Lincoln Memorial?)

the Statue of Liberty

KevinChris
Triple Stumper
    $400 26
Medusa

Chris
    $400 8
a thesaurus

Merle
    $400 21
Ronald Reagan

Chris
    $800 4
Egypt & Sudan

Kevin
    $800 3
Ashlee Simpson

Chris
    $800 17
Ruth

Chris
    $800 27
Narcissus

Kevin
    $800 9
theocracy

Kevin
    $800 22
"Taps"

Chris
    $1200 5
the Moscow River

Triple Stumper
    $3,000 13
(Merle: Who are Olivia de Havilland & Joan Fontaine?)

the Redgrave sisters

Merle
    $1200 18
Buffalo

Triple Stumper
    $1200 28
(Alex: Ah, that was [*], wild and crazy guy.)

Orpheus

Triple Stumper
    $1200 10
a thesis

Kevin
    $1200 23
Monopoly

Chris
    $1600 6
(Kevin: What is... Lake Mead?)
...
(Alex: Lake Mead is up near Nevada.)

Lake Havasu

Kevin
Triple Stumper
    $1600 14
Britney Spears & Jamie Lynn Spears

Kevin
    $2,000 19
(Alex: You got it right. You remembered that he had two terms interrupted.)

1892

Chris
    $1600 29
(Chris: Who is...)
(Merle: Who is Icarus?)
[The end-of-round signal sounds.]

Phaeton

MerleChris
Triple Stumper
    $1600 11
therapeutic

Chris
    $1600 24
Cuba

Kevin
    $2000 7
the Saronic Gulf

Triple Stumper
    $2000 15
Tia & Tamera Mowry

Kevin
    $2000 20
(Merle: What is Ohio?)
(Chris: What is Pennsylvania?)

New Jersey

MerleChris
Triple Stumper
    $2000 12
thermodynamics

Merle
    $2000 25
(Merle: What is the Austro-Hungarian Empire?)

the Holy Roman Empire

KevinMerle

Scores at the end of the Double Jeopardy! Round:

Kevin Merle Chris
$11,400 -$1,400 $8,400

[wagering suggestions for these scores]

Final Jeopardy! Round responses

ANCIENT OBJECTS
(Alex: Are we going to have another many, many week champion here with this young man? We'll find as we continue on Jeopardy! tomorrow. See you then.)
ChrisWhat is the Ark of the Covenant?
$2,200
KevinWhat is the Ark of the Covenant?
$5,401
the Ark of the Covenant

Final scores:

Kevin Merle Chris
$16,801 -$1,400 $10,600
5-day champion: $90,202 3rd place: $1,000 2nd place: $2,000

Game dynamics:

Coryat scores:

Kevin Merle Chris
$12,000 $1,600 $8,000
15 R,
4 W
(including 1 DD)
13 R,
4 W
(including 1 DD)
15 R
(including 1 DD),
3 W

Combined Coryat: $21,600

[game clues] [game scores] [suggest correction]

Game tape date: 2005-11-01
The J! Archive is created by fans, for fans. Scraping, republication, monetization, and malicious use prohibited; this site may use cookies and collect identifying information. See terms. The Jeopardy! game show and all elements thereof, including but not limited to copyright and trademark thereto, are the property of Jeopardy Productions, Inc. and are protected under law. This website is not affiliated with, sponsored by, or operated by Jeopardy Productions, Inc. Join the discussion at JBoard.tv.